000 00587nam a2200229Ia 4500
003 OSt
005 20220923224850.0
006 a|||||r|||| 00| 0
007 ta
008 220922b |||||||| |||| 00| 0 hin d
024 _a252,618
037 _cTextual
040 _aARTS
_cARTS
_bhin
041 _2hin
_ahin
082 _aP15:10A28:3x1:1, 152K1
100 _aसचदेवा
245 0 _aनिरूक्त
246 _aNirūkta
260 _c1961
942 _hP15:10A28:3x1:1, 152K1
_cTEXL
_2CC
999 _c374235
_d374235